00441nam a22001337a 4500003000500000038001800005082000800023100001700031245011500048264003700163650001800200700003100218856005800249NUST aNusrat Nadeem a200 aUllah, Asmat aThe Role of Pakistan’s Ten Billion Tree Tsunami (TBTT) Project in Achieving Its Climate Goals/cUllah, Asmat aIslamabad:bMS-Economics c2025. aMS-Economics  aSupervisor: Dr. Wajiha Haq u http://10.250.8.41:8080/xmlui/handle/123456789/54774